|
|
|
|
| LEADER |
01105nam a2200229 i 4500 |
| 003 |
GR-PaULI |
| 005 |
20250130063409.0 |
| 008 |
190805t1987 us |||g |||| 001 0 eng d |
| 952 |
|
|
|0 0
|1 0
|2 ddc
|4 0
|6 889_132000000000000_JUS
|7 0
|9 234494
|a LISP
|b LISP
|c BSC
|d 2019-08-05
|e Προμήθεια Φιλολογίας
|i 138838
|l 0
|o 889.132 JUS
|p 025000260570
|r 2019-08-05 00:00:00
|t 1
|v 2019.00
|w 2019-08-05
|y BK15
|
| 999 |
|
|
|c 142205
|d 142205
|
| 020 |
|
|
|a 9780691607870
|
| 040 |
|
|
|a GR-PaULI
|b gre
|c GR-PaULI
|e AACR2
|
| 082 |
0 |
4 |
|2 23
|a 889.12
|
| 100 |
1 |
|
|9 177504
|a Jusdanis, Gregory,
|d 1955-
|e συγγραφέας.
|
| 245 |
1 |
4 |
|a The poetics of Cavafy :
|b textuality, eroticism, history /
|c Gregory Jusdanis.
|
| 260 |
|
|
|a Princeton, NJ :
|b Princeton University Press,
|c 1987.
|
| 300 |
|
|
|a xxii, 193, [1] σ. ;
|c 24 εκ.
|
| 490 |
0 |
|
|a Princeton Legacy Library
|
| 504 |
|
|
|a Περιλαμβάνει βιβλιογραφία και ευρετήριο.
|
| 600 |
1 |
0 |
|a Καβάφης, Κ. Π.
|q (Κωνσταντίνος Π.),
|d 1863-1933
|x Ερμηνεία και κριτική
|9 48253
|
| 942 |
|
|
|2 ddc
|c BK15
|
| 998 |
|
|
|c ΒΑΣΙΛΕΙΟΥ
|d 2019-08
|